<?xml version="1.0" encoding="UTF-8"?>
<record
    xmlns:xsi="http://www.w3.org/2001/XMLSchema-instance"
    xsi:schemaLocation="http://www.loc.gov/MARC21/slim http://www.loc.gov/standards/marcxml/schema/MARC21slim.xsd"
    xmlns="http://www.loc.gov/MARC21/slim">

  <leader>01121nam a22002177a 4500</leader>
  <controlfield tag="003">OSt</controlfield>
  <controlfield tag="005">20181003070636.0</controlfield>
  <controlfield tag="008">180220b        xxu||||| |||| 00| 0 spa d</controlfield>
  <datafield tag="040" ind1=" " ind2=" ">
    <subfield code="c">PJ</subfield>
  </datafield>
  <datafield tag="100" ind1=" " ind2=" ">
    <subfield code="a">Palacio, Lino Enrique</subfield>
    <subfield code="9">2105</subfield>
  </datafield>
  <datafield tag="245" ind1="1" ind2="0">
    <subfield code="a">C&#xF3;digo procesal civil y comercial de la Naci&#xF3;n /</subfield>
    <subfield code="c">Lino E. Palacio, Adolfo Alvarado Velloso.</subfield>
  </datafield>
  <datafield tag="260" ind1=" " ind2=" ">
    <subfield code="a">Santa Fe :</subfield>
    <subfield code="b">Rubinzal-Culzoni,</subfield>
    <subfield code="c">1988-1998.</subfield>
  </datafield>
  <datafield tag="300" ind1=" " ind2=" ">
    <subfield code="a">10 v. ;</subfield>
    <subfield code="c">23  cm.</subfield>
  </datafield>
  <datafield tag="500" ind1=" " ind2=" ">
    <subfield code="a">Explicado sistem&#xE1;ticamente en concordancia con los c&#xF3;digos procesales vigentes en todas las provincias de Argentina y en el Paraguay; anotado jurisprudencial y bibliogr&#xE1;ficamente.</subfield>
  </datafield>
  <datafield tag="505" ind1=" " ind2=" ">
    <subfield code="a">Contenido:
v. 1: Arts. 1 al 33
v. 2: Arts. 34 al 58
v. 3: Arts. 59 al 114
v. 4: Arts. 115 al 194
v. 5: Arts. 195 a 237
v. 6: Arts. 238 al 303
v. 7: Arts. 304 al 359
v. 8: Arts. 360 al 485
v. 9: Arts. 486 al 558 bis
v. 10: Arts. 559 al 688</subfield>
  </datafield>
  <datafield tag="650" ind1=" " ind2="0">
    <subfield code="a">CODIGO PROCESAL CIVIL Y COMERCIAL</subfield>
    <subfield code="9">2447</subfield>
  </datafield>
  <datafield tag="650" ind1=" " ind2="0">
    <subfield code="a">OBRA DE REFERENCIA</subfield>
    <subfield code="9">2443</subfield>
  </datafield>
  <datafield tag="700" ind1=" " ind2=" ">
    <subfield code="9">1945</subfield>
    <subfield code="a">Alvarado Velloso, Adolfo </subfield>
  </datafield>
  <datafield tag="710" ind1=" " ind2=" ">
    <subfield code="9">2448</subfield>
    <subfield code="a">Argentina. C&#xF3;digos</subfield>
  </datafield>
  <datafield tag="942" ind1=" " ind2=" ">
    <subfield code="2">udc</subfield>
    <subfield code="c">LIB</subfield>
    <subfield code="h">347(094.4)</subfield>
    <subfield code="i">COL</subfield>
  </datafield>
  <datafield tag="999" ind1=" " ind2=" ">
    <subfield code="c">1609</subfield>
    <subfield code="d">1609</subfield>
  </datafield>
  <datafield tag="952" ind1=" " ind2=" ">
    <subfield code="0">0</subfield>
    <subfield code="1">0</subfield>
    <subfield code="2">udc</subfield>
    <subfield code="4">0</subfield>
    <subfield code="7">0</subfield>
    <subfield code="a">DJS</subfield>
    <subfield code="b">DJS</subfield>
    <subfield code="d">2018-10-02</subfield>
    <subfield code="h">V. 1</subfield>
    <subfield code="o">347.9(094.4) PAL</subfield>
    <subfield code="p">6274</subfield>
    <subfield code="r">2018-10-02</subfield>
    <subfield code="w">2018-10-02</subfield>
    <subfield code="y">LIB</subfield>
  </datafield>
  <datafield tag="952" ind1=" " ind2=" ">
    <subfield code="0">0</subfield>
    <subfield code="1">0</subfield>
    <subfield code="2">udc</subfield>
    <subfield code="4">0</subfield>
    <subfield code="7">0</subfield>
    <subfield code="a">DJS</subfield>
    <subfield code="b">DJS</subfield>
    <subfield code="d">2018-10-02</subfield>
    <subfield code="h">V. 2</subfield>
    <subfield code="o">347.9(094.4) PAL</subfield>
    <subfield code="p">0613</subfield>
    <subfield code="r">2018-10-02</subfield>
    <subfield code="w">2018-10-02</subfield>
    <subfield code="y">LIB</subfield>
  </datafield>
  <datafield tag="952" ind1=" " ind2=" ">
    <subfield code="0">0</subfield>
    <subfield code="1">0</subfield>
    <subfield code="2">udc</subfield>
    <subfield code="4">0</subfield>
    <subfield code="7">0</subfield>
    <subfield code="a">DJS</subfield>
    <subfield code="b">DJS</subfield>
    <subfield code="d">2018-10-02</subfield>
    <subfield code="h">V. 3</subfield>
    <subfield code="o">347.9(094.4) PAL</subfield>
    <subfield code="p">0614</subfield>
    <subfield code="r">2018-10-02</subfield>
    <subfield code="w">2018-10-02</subfield>
    <subfield code="y">LIB</subfield>
  </datafield>
  <datafield tag="952" ind1=" " ind2=" ">
    <subfield code="0">0</subfield>
    <subfield code="1">0</subfield>
    <subfield code="2">udc</subfield>
    <subfield code="4">0</subfield>
    <subfield code="7">0</subfield>
    <subfield code="a">DJS</subfield>
    <subfield code="b">DJS</subfield>
    <subfield code="d">2018-10-02</subfield>
    <subfield code="h">V. 4</subfield>
    <subfield code="o">347.9(094.4) PAL</subfield>
    <subfield code="p">0615</subfield>
    <subfield code="r">2018-10-02</subfield>
    <subfield code="w">2018-10-02</subfield>
    <subfield code="y">LIB</subfield>
  </datafield>
  <datafield tag="952" ind1=" " ind2=" ">
    <subfield code="0">0</subfield>
    <subfield code="1">0</subfield>
    <subfield code="2">udc</subfield>
    <subfield code="4">0</subfield>
    <subfield code="7">0</subfield>
    <subfield code="a">DJS</subfield>
    <subfield code="b">DJS</subfield>
    <subfield code="d">2018-10-02</subfield>
    <subfield code="h">V. 5</subfield>
    <subfield code="o">347.9(094.4) PAL</subfield>
    <subfield code="p">0616</subfield>
    <subfield code="r">2018-10-02</subfield>
    <subfield code="w">2018-10-02</subfield>
    <subfield code="y">LIB</subfield>
  </datafield>
  <datafield tag="952" ind1=" " ind2=" ">
    <subfield code="0">0</subfield>
    <subfield code="1">0</subfield>
    <subfield code="2">udc</subfield>
    <subfield code="4">0</subfield>
    <subfield code="7">0</subfield>
    <subfield code="a">DJS</subfield>
    <subfield code="b">DJS</subfield>
    <subfield code="d">2018-10-02</subfield>
    <subfield code="h">V. 6</subfield>
    <subfield code="o">347.9(094.4) PAL</subfield>
    <subfield code="p">6275</subfield>
    <subfield code="r">2018-10-02</subfield>
    <subfield code="w">2018-10-02</subfield>
    <subfield code="y">LIB</subfield>
  </datafield>
  <datafield tag="952" ind1=" " ind2=" ">
    <subfield code="0">0</subfield>
    <subfield code="1">0</subfield>
    <subfield code="2">udc</subfield>
    <subfield code="4">0</subfield>
    <subfield code="7">0</subfield>
    <subfield code="a">DJS</subfield>
    <subfield code="b">DJS</subfield>
    <subfield code="d">2018-10-02</subfield>
    <subfield code="h">V. 7</subfield>
    <subfield code="l">1</subfield>
    <subfield code="o">347.9(094.4) PAL</subfield>
    <subfield code="p">0617</subfield>
    <subfield code="r">2019-11-06</subfield>
    <subfield code="s">2019-10-18</subfield>
    <subfield code="w">2018-10-02</subfield>
    <subfield code="y">LIB</subfield>
  </datafield>
  <datafield tag="952" ind1=" " ind2=" ">
    <subfield code="0">0</subfield>
    <subfield code="1">0</subfield>
    <subfield code="2">udc</subfield>
    <subfield code="4">0</subfield>
    <subfield code="7">0</subfield>
    <subfield code="a">DJS</subfield>
    <subfield code="b">DJS</subfield>
    <subfield code="d">2018-10-02</subfield>
    <subfield code="h">V. 8</subfield>
    <subfield code="o">347.9(094.4) PAL</subfield>
    <subfield code="p">0618</subfield>
    <subfield code="r">2018-10-02</subfield>
    <subfield code="w">2018-10-02</subfield>
    <subfield code="y">LIB</subfield>
  </datafield>
  <datafield tag="952" ind1=" " ind2=" ">
    <subfield code="0">0</subfield>
    <subfield code="1">0</subfield>
    <subfield code="2">udc</subfield>
    <subfield code="4">0</subfield>
    <subfield code="7">0</subfield>
    <subfield code="a">DJS</subfield>
    <subfield code="b">DJS</subfield>
    <subfield code="d">2018-10-02</subfield>
    <subfield code="h">V. 10</subfield>
    <subfield code="o">347.9(094.4) PAL</subfield>
    <subfield code="p">3850</subfield>
    <subfield code="r">2018-10-02</subfield>
    <subfield code="w">2018-10-02</subfield>
    <subfield code="y">LIB</subfield>
  </datafield>
  <datafield tag="952" ind1=" " ind2=" ">
    <subfield code="0">0</subfield>
    <subfield code="1">0</subfield>
    <subfield code="2">udc</subfield>
    <subfield code="4">0</subfield>
    <subfield code="7">0</subfield>
    <subfield code="a">DJS</subfield>
    <subfield code="b">DJS</subfield>
    <subfield code="d">2018-10-02</subfield>
    <subfield code="h">V. 9</subfield>
    <subfield code="o">347.9(094.4) PAL</subfield>
    <subfield code="p">0619</subfield>
    <subfield code="r">2018-10-02</subfield>
    <subfield code="w">2018-10-02</subfield>
    <subfield code="y">LIB</subfield>
  </datafield>
  <datafield tag="952" ind1=" " ind2=" ">
    <subfield code="0">0</subfield>
    <subfield code="1">0</subfield>
    <subfield code="2">udc</subfield>
    <subfield code="4">0</subfield>
    <subfield code="7">0</subfield>
    <subfield code="a">DJN</subfield>
    <subfield code="b">DJN</subfield>
    <subfield code="d">2018-10-02</subfield>
    <subfield code="h">V. 10</subfield>
    <subfield code="o">347.9(094.4) PAL</subfield>
    <subfield code="p">RG 0999</subfield>
    <subfield code="r">2024-12-02</subfield>
    <subfield code="w">2018-10-02</subfield>
    <subfield code="y">LIB</subfield>
  </datafield>
</record>
